00680nam a2200241 a 4500001001300000003000900013005001700022008004100039020001000080082001800090100001600108245001100124260003500135300000900170500003500179505004700214650001600261700001600277902000800293942000700301952011500308999001500423nice12345678IN_TiNIC20260116012808.0050524s1941 hyda grp 000 0 urd  ac3.500a891.4391bALI aAli, Akhtar aAnwaar aHyderabadbIdara-E-ilmiac1941 a168p aincludes index and biblioraphy2 aFoot notes by Maulana Maulvi Ilahi Bakhsh. aUrdu-Poetry1 aAli, Akhtar bSRS cBK 001040708StackRoom-aHMIbHMId2007-06-22g3.50l0o891.4391 ALIp011756r2007-06-22v3.50w2005-05-24yBK c8400d8400